| 000 | 00892pam a22002411i 4500 | ||
|---|---|---|---|
| 999 |
_c20055 _d20055 |
||
| 005 | 20191224042343.0 | ||
| 008 | 161201s2016 nyua b 001|0|eng|d | ||
| 020 |
_a9780190632441 (pbk.) : _cus 53 |
||
| 040 |
_aStDuBDS _cStDuBDS _dCo-BoIAvH |
||
| 041 | _aeng | ||
| 082 | 0 | 4 |
_a333.950913 _bS24c |
| 100 | 1 | 0 |
_aSapp, Jan, _eautor. |
| 245 | 1 | 0 |
_aCoexistence : _bthe ecology and evolution of tropical biology / _cJan Sapp. |
| 260 |
_aNew York: _bOxford University Press, _c2016. |
||
| 300 |
_axi, 275 páginas : _bilustraciones (blanco y negro) ; _c25 centímetros |
||
| 504 | _aIncluyes referencias bibliográficas e índice | ||
| 610 | 2 | 0 | _aSmithsonian Tropical Research Institute. |
| 650 | 0 |
_aBiodiversity _zTropics. |
|
| 650 | 0 |
_aEcology _zTropics. |
|
| 650 | 0 |
_aEvolution (Biology) _zTropics. |
|
| 651 | 0 |
_aTropics _xResearch. |
|
| 942 |
_2ddc _cLIBRO |
||